Chương trình luyện thi TOEFL
Shranjeno v:
| Glavni avtor: | |
|---|---|
| Format: | Knjiga |
| Jezik: | Undetermined |
| Izdano: |
Thành phố Hồ Chí Minh
Trẻ
2001
|
| Teme: | |
| Oznake: |
Označite
Brez oznak, prvi označite!
|
| Thư viện lưu trữ: | Trung tâm Học liệu Trường Đại học Cần Thơ |
|---|
| LEADER | 00636nam a2200205Ia 4500 | ||
|---|---|---|---|
| 001 | CTU_64079 | ||
| 008 | 210402s9999 xx 000 0 und d | ||
| 020 | |c 65000 | ||
| 082 | |a 428.0076 | ||
| 082 | |b R995 | ||
| 100 | |a Rymniak, Marilyn J. | ||
| 245 | 0 | |a Chương trình luyện thi TOEFL | |
| 245 | 0 | |c Marilyn J. Rymniak | |
| 260 | |a Thành phố Hồ Chí Minh | ||
| 260 | |b Trẻ | ||
| 260 | |c 2001 | ||
| 650 | |a English language,Tiếng anh | ||
| 650 | |x Textbookss for foreign speakers,Sách học cho người nước ngoài | ||
| 904 | |i Năm | ||
| 980 | |a Trung tâm Học liệu Trường Đại học Cần Thơ | ||